[Event "ODJM B 2025"]
[Site "Willingen GER"]
[Date "2025.06.10"]
[Round "4"]
[White "Fize, Aleksandrs"]
[Black "Harbring, Thorben"]
[Result "1/2-1/2"]
[Termination "normal"]
[Board "30"]
[WhiteElo "1712"]
[BlackElo "1755"]
[WhiteClock "00:13:01"]
[BlackClock "00:12:33"]
[PlyCount "90"]
[WhiteFideId "34623779"]
[BlackFideId "34607110"]
[EventCountry "GER"]
[EventRounds "9"]
[EventType "swiss"]
[EventDate "2025.06.07"]

1. d4 {[%clk 01:30:58]} {[%emt 00:00:01]} Nf6 {[%clk 01:30:53]} {[%emt
00:00:08]} 2. Nc3 {[%clk 01:31:23]} {[%emt 00:00:04]} d5 {[%clk 01:31:17]}
{[%emt 00:00:06]} 3. Bf4 {[%clk 01:31:46]} {[%emt 00:00:07]} a6 {[%clk
01:31:35]} {[%emt 00:00:13]} 4. e3 {[%clk 01:32:07]} {[%emt 00:00:09]} e6
{[%clk 01:31:57]} {[%emt 00:00:08]} 5. Nf3 {[%clk 01:32:27]} {[%emt 00:00:09]}
c5 {[%clk 01:32:17]} {[%emt 00:00:10]} 6. Be2 {[%clk 01:32:25]} {[%emt
00:00:32]} Nbd7 {[%clk 01:32:05]} {[%emt 00:00:42]} 7. O-O {[%clk 01:32:12]}
{[%emt 00:00:42]} Be7 {[%clk 01:32:10]} {[%emt 00:00:26]} 8. h3 {[%clk
01:28:17]} {[%emt 00:04:25]} O-O {[%clk 01:31:40]} {[%emt 00:01:00]} 9. Ne5
{[%clk 01:18:38]} {[%emt 00:10:10]} Nxe5 {[%clk 01:30:01]} {[%emt 00:02:09]}
10. Bxe5 {[%clk 01:18:54]} {[%emt 00:00:14]} b5 {[%clk 01:28:50]} {[%emt
00:01:41]} 11. Bf3 {[%clk 01:18:35]} {[%emt 00:00:48]} Bb7 {[%clk 01:25:30]}
{[%emt 00:03:50]} 12. Ne2 {[%clk 01:12:10]} {[%emt 00:06:55]} Bd6 {[%clk
01:25:06]} {[%emt 00:00:55]} 13. Bxd6 {[%clk 01:12:25]} {[%emt 00:00:15]} Qxd6
{[%clk 01:25:29]} {[%emt 00:00:06]} 14. Ng3 {[%clk 01:10:23]} {[%emt 00:02:32]}
Rac8 {[%clk 01:24:18]} {[%emt 00:01:41]} 15. c3 {[%clk 01:09:56]} {[%emt
00:00:56]} Rfd8 {[%clk 01:18:16]} {[%emt 00:06:32]} 16. Rc1 {[%clk 01:09:37]}
{[%emt 00:00:50]} cxd4 {[%clk 01:17:49]} {[%emt 00:00:57]} 17. exd4 {[%clk
01:09:30]} {[%emt 00:00:37]} Rc7 {[%clk 01:16:02]} {[%emt 00:02:18]} 18. Re1
{[%clk 01:09:46]} {[%emt 00:00:13]} Rdc8 {[%clk 01:15:50]} {[%emt 00:00:43]}
19. Qd2 {[%clk 01:09:04]} {[%emt 00:01:11]} Nd7 {[%clk 01:15:02]} {[%emt
00:01:18]} 20. Re2 {[%clk 01:07:37]} {[%emt 00:01:57]} Nb6 {[%clk 01:14:02]}
{[%emt 00:01:30]} 21. Qe1 {[%clk 01:06:06]} {[%emt 00:02:01]} Nc4 {[%clk
01:12:19]} {[%emt 00:02:13]} 22. b3 {[%clk 00:58:03]} {[%emt 00:08:33]} Nb6
{[%clk 01:12:36]} {[%emt 00:00:12]} 23. Rec2 {[%clk 00:58:18]} {[%emt
00:00:16]} a5 {[%clk 01:09:09]} {[%emt 00:03:57]} 24. Qe3 {[%clk 00:44:08]}
{[%emt 00:14:39]} Ba6 {[%clk 00:56:53]} {[%emt 00:12:48]} 25. Be2 {[%clk
00:44:12]} {[%emt 00:00:25]} Qa3 {[%clk 00:53:54]} {[%emt 00:03:29]} 26. Nh5
{[%clk 00:41:22]} {[%emt 00:03:20]} Nd7 {[%clk 00:52:44]} {[%emt 00:01:40]} 27.
Nf4 {[%clk 00:36:41]} {[%emt 00:05:11]} Nf6 {[%clk 00:48:09]} {[%emt 00:05:06]}
28. Nd3 {[%clk 00:34:07]} {[%emt 00:03:03]} Ne4 {[%clk 00:43:54]} {[%emt
00:04:45]} 29. Ne5 {[%clk 00:34:24]} {[%emt 00:00:13]} Qd6 {[%clk 00:41:21]}
{[%emt 00:03:02]} 30. Bd3 {[%clk 00:29:24]} {[%emt 00:05:31]} f6 {[%clk
00:32:17]} {[%emt 00:09:34]} 31. Nf3 {[%clk 00:27:46]} {[%emt 00:02:08]} Rxc3
{[%clk 00:27:11]} {[%emt 00:05:36]} 32. Rxc3 {[%clk 00:28:06]} {[%emt
00:00:11]} Rxc3 {[%clk 00:27:37]} {[%emt 00:00:03]} 33. Rxc3 {[%clk 00:28:31]}
{[%emt 00:00:05]} Nxc3 {[%clk 00:28:01]} {[%emt 00:00:06]} 34. Bxh7+ {[%clk
00:28:52]} {[%emt 00:00:09]} Kxh7 {[%clk 00:28:24]} {[%emt 00:00:07]} 35. Qxc3
{[%clk 00:29:07]} {[%emt 00:00:15]} b4 {[%clk 00:28:35]} {[%emt 00:00:19]} 36.
Qc2+ {[%clk 00:29:15]} {[%emt 00:00:22]} Kg8 {[%clk 00:28:29]} {[%emt
00:00:35]} 37. Nh2 {[%clk 00:24:33]} {[%emt 00:05:11]} Bb5 {[%clk 00:21:37]}
{[%emt 00:07:24]} 38. Ng4 {[%clk 00:20:43]} {[%emt 00:04:20]} Be8 {[%clk
00:18:09]} {[%emt 00:03:58]} 39. Ne3 {[%clk 00:15:41]} {[%emt 00:05:31]} Qc6
{[%clk 00:17:45]} {[%emt 00:00:54]} 40. Qe2 {[%clk 00:14:07]} {[%emt 00:02:03]}
Bg6 {[%clk 00:16:33]} {[%emt 00:01:43]} 41. Nd1 {[%clk 00:12:00]} {[%emt
00:02:37]} Qc1 {[%clk 00:14:53]} {[%emt 00:02:10]} 42. Qxe6+ {[%clk 00:12:04]}
{[%emt 00:00:27]} Kh7 {[%clk 00:12:59]} {[%emt 00:02:23]} 43. Qe2 {[%clk
00:12:23]} {[%emt 00:00:12]} Bc2 {[%clk 00:12:13]} {[%emt 00:01:16]} 44. Qh5+
{[%clk 00:12:43]} {[%emt 00:00:09]} Kg8 {[%clk 00:12:09]} {[%emt 00:00:35]} 45.
Qe8+ {[%clk 00:13:01]} {[%emt 00:00:12]} Kh7 {[%clk 00:12:33]} {[%emt
00:00:06]} 1/2-1/2

[Event "ODJM B 2025"]
[Site "Willingen GER"]
[Date "2025.06.10"]
[Round "4"]
[White "Junge, Julia Marie"]
[Black "Huber, Ben"]
[Result "0-1"]
[Termination "normal"]
[Board "31"]
[WhiteElo "1734"]
[BlackElo "1711"]
[WhiteClock "00:57:26"]
[BlackClock "00:46:29"]
[PlyCount "72"]
[WhiteFideId "16293908"]
[BlackFideId "34677062"]
[EventCountry "GER"]
[EventRounds "9"]
[EventType "swiss"]
[EventDate "2025.06.07"]

1. e4 {[%clk 01:30:54]} {[%emt 00:00:06]} c5 {[%clk 01:30:58]} {[%emt
00:00:03]} 2. Be2 {[%clk 01:31:15]} {[%emt 00:00:08]} Nc6 {[%clk 01:31:13]}
{[%emt 00:00:15]} 3. c3 {[%clk 01:31:40]} {[%emt 00:00:06]} Nf6 {[%clk
01:31:02]} {[%emt 00:00:40]} 4. d3 {[%clk 01:32:03]} {[%emt 00:00:07]} g6
{[%clk 01:30:34]} {[%emt 00:00:58]} 5. f4 {[%clk 01:32:26]} {[%emt 00:00:07]}
Bg7 {[%clk 01:29:34]} {[%emt 00:01:30]} 6. Nf3 {[%clk 01:32:50]} {[%emt
00:00:06]} e6 {[%clk 01:29:53]} {[%emt 00:00:11]} 7. Na3 {[%clk 01:31:17]}
{[%emt 00:02:03]} b6 {[%clk 01:28:26]} {[%emt 00:01:57]} 8. O-O {[%clk
01:28:26]} {[%emt 00:03:20]} O-O {[%clk 01:28:52]} {[%emt 00:00:05]} 9. Nc2
{[%clk 01:25:52]} {[%emt 00:03:04]} d5 {[%clk 01:28:16]} {[%emt 00:01:06]} 10.
e5 {[%clk 01:25:15]} {[%emt 00:01:07]} Nd7 {[%clk 01:28:20]} {[%emt 00:00:26]}
11. Bd2 {[%clk 01:24:03]} {[%emt 00:01:42]} Bb7 {[%clk 01:27:23]} {[%emt
00:01:27]} 12. Rc1 {[%clk 01:22:34]} {[%emt 00:01:58]} Rc8 {[%clk 01:26:23]}
{[%emt 00:01:31]} 13. Be1 {[%clk 01:18:19]} {[%emt 00:04:45]} b5 {[%clk
01:11:25]} {[%emt 00:15:28]} 14. d4 {[%clk 01:13:54]} {[%emt 00:04:55]} a6
{[%clk 01:08:43]} {[%emt 00:03:12]} 15. Bf2 {[%clk 01:10:02]} {[%emt 00:04:22]}
f6 {[%clk 01:06:56]} {[%emt 00:02:18]} 16. exf6 {[%clk 01:07:45]} {[%emt
00:02:46]} Nxf6 {[%clk 01:05:21]} {[%emt 00:02:04]} 17. Ng5 {[%clk 01:08:04]}
{[%emt 00:00:12]} Qe7 {[%clk 01:04:44]} {[%emt 00:01:08]} 18. dxc5 {[%clk
01:07:56]} {[%emt 00:00:38]} h6 {[%clk 01:04:04]} {[%emt 00:01:09]} 19. Nf3
{[%clk 01:07:58]} {[%emt 00:00:27]} Ne4 {[%clk 01:04:13]} {[%emt 00:00:21]} 20.
Bd4 {[%clk 01:06:16]} {[%emt 00:02:12]} Rxf4 {[%clk 01:02:38]} {[%emt
00:02:05]} 21. b4 {[%clk 01:04:11]} {[%emt 00:02:36]} e5 {[%clk 00:59:23]}
{[%emt 00:03:45]} 22. Be3 {[%clk 01:01:53]} {[%emt 00:02:48]} Nxc3 {[%clk
00:59:41]} {[%emt 00:00:11]} 23. Qd2 {[%clk 01:01:55]} {[%emt 00:00:29]} Nxe2+
{[%clk 00:59:57]} {[%emt 00:00:14]} 24. Qxe2 {[%clk 01:02:16]} {[%emt
00:00:08]} Rf5 {[%clk 00:54:21]} {[%emt 00:06:06]} 25. g4 {[%clk 01:00:44]}
{[%emt 00:02:04]} Rf7 {[%clk 00:54:13]} {[%emt 00:00:37]} 26. Qd2 {[%clk
01:00:52]} {[%emt 00:00:22]} Rcf8 {[%clk 00:51:01]} {[%emt 00:03:41]} 27. Qe2
{[%clk 00:58:36]} {[%emt 00:02:46]} d4 {[%clk 00:50:56]} {[%emt 00:00:36]} 28.
Bd2 {[%clk 00:58:23]} {[%emt 00:00:42]} e4 {[%clk 00:50:58]} {[%emt 00:00:29]}
29. Nfxd4 {[%clk 00:56:48]} {[%emt 00:02:05]} Nxd4 {[%clk 00:50:04]} {[%emt
00:01:23]} 30. Nxd4 {[%clk 00:56:48]} {[%emt 00:00:30]} Bxd4+ {[%clk 00:50:23]}
{[%emt 00:00:12]} 31. Be3 {[%clk 00:57:10]} {[%emt 00:00:08]} Bxe3+ {[%clk
00:47:19]} {[%emt 00:03:33]} 32. Qxe3 {[%clk 00:57:34]} {[%emt 00:00:06]} Rxf1+
{[%clk 00:47:14]} {[%emt 00:00:35]} 33. Rxf1 {[%clk 00:57:59]} {[%emt
00:00:06]} Rxf1+ {[%clk 00:47:13]} {[%emt 00:00:31]} 34. Kxf1 {[%clk 00:58:22]}
{[%emt 00:00:07]} Qg5 {[%clk 00:46:23]} {[%emt 00:01:19]} 35. Qb3+ {[%clk
00:58:12]} {[%emt 00:00:40]} Qd5 {[%clk 00:46:29]} {[%emt 00:00:23]} 36. Qb2
{[%clk 00:57:26]} {[%emt 00:01:17]} e3 {[%emt 00:01:11]} 0-1

[Event "ODJM B 2025"]
[Site "Willingen GER"]
[Date "2025.06.10"]
[Round "4"]
[White "Müller, Cosima"]
[Black "Lau, Lars"]
[Result "1-0"]
[Termination "normal"]
[Board "32"]
[WhiteElo "1757"]
[BlackElo "1569"]
[WhiteClock "00:10:13"]
[BlackClock "00:50:14"]
[PlyCount "57"]
[WhiteFideId "34601490"]
[BlackFideId "34623663"]
[EventCountry "GER"]
[EventRounds "9"]
[EventType "swiss"]
[EventDate "2025.06.07"]

1. e4 {[%clk 01:30:58]} {[%emt 00:00:01]} e6 {[%clk 01:30:56]} {[%emt
00:00:05]} 2. d4 {[%clk 01:31:24]} {[%emt 00:00:04]} d5 {[%clk 01:31:17]}
{[%emt 00:00:09]} 3. Nc3 {[%clk 01:31:49]} {[%emt 00:00:05]} c5 {[%clk
01:30:34]} {[%emt 00:01:13]} 4. exd5 {[%clk 01:27:13]} {[%emt 00:05:06]} exd5
{[%clk 01:28:51]} {[%emt 00:02:13]} 5. Nf3 {[%clk 01:26:37]} {[%emt 00:01:05]}
Nf6 {[%clk 01:27:26]} {[%emt 00:01:55]} 6. Bg5 {[%clk 01:25:49]} {[%emt
00:01:19]} Be6 {[%clk 01:22:46]} {[%emt 00:05:09]} 7. Bb5+ {[%clk 01:20:45]}
{[%emt 00:05:34]} Nc6 {[%clk 01:17:44]} {[%emt 00:05:32]} 8. dxc5 {[%clk
01:14:47]} {[%emt 00:06:28]} Be7 {[%clk 01:14:44]} {[%emt 00:03:31]} 9. Nd4
{[%clk 01:07:05]} {[%emt 00:08:12]} Rc8 {[%clk 01:12:10]} {[%emt 00:03:03]} 10.
O-O {[%clk 01:04:31]} {[%emt 00:03:04]} O-O {[%clk 01:12:12]} {[%emt 00:00:28]}
11. Nxe6 {[%clk 01:01:44]} {[%emt 00:03:17]} fxe6 {[%clk 01:12:34]} {[%emt
00:00:08]} 12. Qe1 {[%clk 00:51:58]} {[%emt 00:10:17]} Nd4 {[%clk 01:11:47]}
{[%emt 00:01:17]} 13. Bd3 {[%clk 00:41:36]} {[%emt 00:10:51]} Bxc5 {[%clk
01:11:42]} {[%emt 00:00:34]} 14. Na4 {[%clk 00:36:37]} {[%emt 00:05:30]} Bd6
{[%clk 01:10:44]} {[%emt 00:01:28]} 15. c3 {[%clk 00:34:35]} {[%emt 00:02:32]}
Bxh2+ {[%clk 01:04:51]} {[%emt 00:06:23]} 16. Kh1 {[%clk 00:34:12]} {[%emt
00:00:53]} Qe8 {[%clk 01:00:23]} {[%emt 00:04:59]} 17. cxd4 {[%clk 00:33:09]}
{[%emt 00:01:33]} Bb8 {[%clk 00:59:36]} {[%emt 00:01:16]} 18. Qe2 {[%clk
00:31:09]} {[%emt 00:02:28]} Qxa4 {[%clk 00:50:15]} {[%emt 00:09:53]} 19. Qxe6+
{[%clk 00:30:57]} {[%emt 00:00:42]} Kh8 {[%clk 00:50:32]} {[%emt 00:00:14]} 20.
Bxf6 {[%clk 00:30:11]} {[%emt 00:01:15]} gxf6 {[%clk 00:50:56]} {[%emt
00:00:06]} 21. Qxd5 {[%clk 00:22:28]} {[%emt 00:08:13]} Rcd8 {[%clk 00:49:42]}
{[%emt 00:01:45]} 22. Qxb7 {[%clk 00:22:05]} {[%emt 00:00:52]} Rd7 {[%clk
00:49:58]} {[%emt 00:00:14]} 23. Qe4 {[%clk 00:18:09]} {[%emt 00:04:26]} Qxd4
{[%clk 00:50:10]} {[%emt 00:00:18]} 24. Qxd4 {[%clk 00:17:36]} {[%emt
00:01:03]} Rxd4 {[%clk 00:50:34]} {[%emt 00:00:07]} 25. Bf5 {[%clk 00:17:48]}
{[%emt 00:00:18]} Be5 {[%clk 00:50:40]} {[%emt 00:00:23]} 26. Rab1 {[%clk
00:16:30]} {[%emt 00:01:48]} Rd2 {[%clk 00:50:33]} {[%emt 00:00:37]} 27. b4
{[%clk 00:10:51]} {[%emt 00:06:09]} Rxa2 {[%clk 00:49:55]} {[%emt 00:01:08]}
28. Rbd1 {[%clk 00:10:28]} {[%emt 00:00:53]} Rf7 {[%clk 00:50:14]} {[%emt
00:00:12]} 29. Be6 {[%clk 00:10:13]} {[%emt 00:00:44]} 1-0

[Event "ODJM B 2025"]
[Site "Willingen GER"]
[Date "2025.06.10"]
[Round "4"]
[White "Schmidt, Sophie"]
[Black "Malinowsky, Celina"]
[Result "0-1"]
[Termination "normal"]
[Board "33"]
[WhiteElo "1613"]
[BlackElo "1742"]
[WhiteClock "00:19:04"]
[BlackClock "00:29:42"]
[PlyCount "110"]
[WhiteFideId "34682503"]
[BlackFideId "16266986"]
[EventCountry "GER"]
[EventRounds "9"]
[EventType "swiss"]
[EventDate "2025.06.07"]

1. d4 {[%clk 01:30:59]} Nf6 {[%clk 01:30:46]} {[%emt 00:00:14]} 2. Nf3 {[%clk
01:31:20]} {[%emt 00:00:09]} e6 {[%clk 01:30:59]} {[%emt 00:00:17]} 3. g3
{[%clk 01:31:28]} {[%emt 00:00:22]} c5 {[%clk 01:31:03]} {[%emt 00:00:27]} 4.
c4 {[%clk 01:30:33]} {[%emt 00:01:24]} d5 {[%clk 01:29:39]} {[%emt 00:01:54]}
5. Bg2 {[%clk 01:30:19]} {[%emt 00:00:45]} Be7 {[%clk 01:29:34]} {[%emt
00:00:35]} 6. O-O {[%clk 01:21:53]} {[%emt 00:08:56]} O-O {[%clk 01:28:32]}
{[%emt 00:01:31]} 7. Qd3 {[%clk 01:15:55]} {[%emt 00:06:29]} Nc6 {[%clk
01:24:05]} {[%emt 00:04:56]} 8. Rd1 {[%clk 01:02:14]} {[%emt 00:14:11]} Nb4
{[%clk 01:11:48]} {[%emt 00:12:47]} 9. Qb3 {[%clk 00:57:56]} {[%emt 00:04:49]}
dxc4 {[%clk 01:07:08]} {[%emt 00:05:11]} 10. Qxc4 {[%clk 00:57:35]} {[%emt
00:00:49]} b5 {[%clk 00:58:43]} {[%emt 00:08:55]} 11. Qc3 {[%clk 00:53:09]}
{[%emt 00:04:56]} Ne4 {[%clk 00:55:13]} {[%emt 00:04:00]} 12. Qe3 {[%clk
00:51:51]} {[%emt 00:01:48]} Bb7 {[%clk 00:54:48]} {[%emt 00:00:56]} 13. Na3
{[%clk 00:48:12]} {[%emt 00:04:09]} Bf6 {[%clk 00:46:24]} {[%emt 00:08:54]} 14.
b3 {[%clk 00:30:29]} {[%emt 00:18:13]} Qb6 {[%clk 00:39:29]} {[%emt 00:07:24]}
15. Bb2 {[%clk 00:27:58]} {[%emt 00:03:01]} cxd4 {[%clk 00:34:25]} {[%emt
00:05:35]} 16. Bxd4 {[%clk 00:20:49]} {[%emt 00:07:39]} Bxd4 {[%clk 00:34:40]}
{[%emt 00:00:15]} 17. Qxd4 {[%clk 00:20:29]} {[%emt 00:00:50]} Qa5 {[%clk
00:28:34]} {[%emt 00:06:35]} 18. Qb2 {[%clk 00:17:04]} {[%emt 00:03:55]} Nd5
{[%clk 00:23:48]} {[%emt 00:05:17]} 19. Nd4 {[%clk 00:11:14]} {[%emt 00:06:19]}
Nec3 {[%clk 00:21:25]} {[%emt 00:02:53]} 20. Rd3 {[%clk 00:09:14]} {[%emt
00:02:30]} Rac8 {[%clk 00:17:59]} {[%emt 00:03:56]} 21. Bxd5 {[%clk 00:07:29]}
{[%emt 00:02:15]} Bxd5 {[%clk 00:17:58]} {[%emt 00:00:31]} 22. b4 {[%clk
00:07:12]} {[%emt 00:00:47]} Qb6 {[%clk 00:16:45]} {[%emt 00:01:43]} 23. e3
{[%clk 00:05:37]} {[%emt 00:02:04]} Na4 {[%clk 00:16:43]} {[%emt 00:00:33]} 24.
Qe2 {[%clk 00:04:21]} {[%emt 00:01:45]} Be4 {[%clk 00:15:38]} {[%emt 00:01:36]}
25. Rd2 {[%clk 00:04:13]} {[%emt 00:00:38]} a6 {[%clk 00:16:01]} {[%emt
00:00:08]} 26. f3 {[%clk 00:03:52]} {[%emt 00:00:50]} Bb7 {[%clk 00:15:43]}
{[%emt 00:00:48]} 27. Rc2 {[%clk 00:03:53]} {[%emt 00:00:28]} Rxc2 {[%clk
00:15:33]} {[%emt 00:00:40]} 28. Naxc2 {[%clk 00:03:48]} {[%emt 00:00:35]} Rc8
{[%clk 00:15:47]} {[%emt 00:00:17]} 29. e4 {[%clk 00:03:03]} {[%emt 00:01:16]}
e5 {[%clk 00:15:36]} {[%emt 00:00:40]} 30. Kg2 {[%clk 00:02:34]} {[%emt
00:00:59]} exd4 {[%clk 00:15:57]} {[%emt 00:00:09]} 31. Qd2 {[%clk 00:02:30]}
{[%emt 00:00:33]} Nb2 {[%clk 00:11:28]} {[%emt 00:05:00]} 32. Rc1 {[%clk
00:01:31]} {[%emt 00:01:30]} Nc4 {[%clk 00:11:47]} {[%emt 00:00:10]} 33. Qe2
{[%clk 00:01:05]} {[%emt 00:00:55]} Rd8 {[%clk 00:11:39]} {[%emt 00:00:39]} 34.
Ne1 {[%clk 00:00:50]} {[%emt 00:00:45]} Qh6 {[%clk 00:11:16]} {[%emt 00:00:53]}
35. Rb1 {[%clk 00:00:43]} {[%emt 00:00:37]} Bc8 {[%clk 00:09:41]} {[%emt
00:02:05]} 36. g4 {[%clk 00:00:41]} {[%emt 00:00:32]} Qf4 {[%clk 00:09:21]}
{[%emt 00:00:50]} 37. Kg1 {[%clk 00:00:35]} {[%emt 00:00:36]} Rd6 {[%clk
00:08:38]} {[%emt 00:01:13]} 38. Ng2 {[%clk 00:00:53]} {[%emt 00:00:12]} Qh6
{[%clk 00:08:19]} {[%emt 00:00:49]} 39. Rd1 {[%clk 00:00:45]} {[%emt 00:00:37]}
Rd8 {[%clk 00:08:03]} {[%emt 00:00:47]} 40. Kh1 {[%clk 00:00:32]} {[%emt
00:00:44]} Qf6 {[%clk 00:07:25]} {[%emt 00:01:06]} 41. a4 {[%clk 00:26:48]}
{[%emt 00:04:15]} Qd6 {[%clk 00:36:08]} {[%emt 00:01:47]} 42. axb5 {[%clk
00:24:43]} {[%emt 00:02:35]} axb5 {[%clk 00:36:21]} {[%emt 00:00:16]} 43. Qe1
{[%clk 00:24:31]} {[%emt 00:00:42]} Ne5 {[%clk 00:34:59]} {[%emt 00:01:52]} 44.
Nh4 {[%clk 00:23:33]} {[%emt 00:01:28]} Be6 {[%clk 00:33:48]} {[%emt 00:01:41]}
45. Ra1 {[%clk 00:20:00]} {[%emt 00:04:04]} g5 {[%clk 00:32:12]} {[%emt
00:02:06]} 46. Nf5 {[%clk 00:18:38]} {[%emt 00:01:52]} Bxf5 {[%clk 00:31:47]}
{[%emt 00:00:55]} 47. exf5 {[%clk 00:18:48]} {[%emt 00:00:20]} Nxf3 {[%clk
00:31:33]} {[%emt 00:00:44]} 48. Qe2 {[%clk 00:18:37]} {[%emt 00:00:41]} Qd5
{[%clk 00:31:08]} {[%emt 00:00:55]} 49. Qg2 {[%clk 00:18:48]} {[%emt 00:00:18]}
Ne5 {[%clk 00:28:07]} {[%emt 00:03:31]} 50. Qxd5 {[%clk 00:18:57]} {[%emt
00:00:22]} Rxd5 {[%clk 00:28:32]} {[%emt 00:00:06]} 51. f6 {[%clk 00:19:01]}
{[%emt 00:00:25]} Rd8 {[%clk 00:28:50]} {[%emt 00:00:12]} 52. h3 {[%clk
00:18:39]} {[%emt 00:00:52]} d3 {[%clk 00:29:13]} {[%emt 00:00:07]} 53. Kg2
{[%clk 00:18:39]} {[%emt 00:00:30]} d2 {[%clk 00:29:19]} {[%emt 00:00:24]} 54.
Rd1 {[%clk 00:18:54]} {[%emt 00:00:15]} Nc4 {[%clk 00:29:42]} {[%emt 00:00:07]}
55. Kf2 {[%clk 00:19:04]} {[%emt 00:00:19]} Nb2 {[%clk 00:29:42]} {[%emt
00:00:31]} 0-1